000
00278nam a2200121Ia 4500
008
190216s9999||||xx |||||||||||||| ||und||
100
_a
Cronin A J
245
4
_a
The Stars Look Down
260
_b
B I Publication
_c
1990
300
_a
156
650
_a
English Novel
942
_c
BK
999
_c
13753
_d
13753